Fishing boat designs : 2 V-bottom boats of pleked plywood consruction
Gardado en:
| Formato: | Libro |
|---|---|
| Idioma: | Undetermined |
| Publicado: |
Rome
FAO
2004
|
| Những chủ đề: | |
| Các nhãn: |
Engadir etiqueta
Sen Etiquetas, Sexa o primeiro en etiquetar este rexistro!
|
| Thư viện lưu trữ: | Trung tâm Học liệu Trường Đại học Cần Thơ |
|---|
| LEADER | 00527nam a2200193Ia 4500 | ||
|---|---|---|---|
| 001 | CTU_93101 | ||
| 008 | 210402s9999 xx 000 0 und d | ||
| 082 | |a 623.828 | ||
| 082 | |b F532 | ||
| 245 | 0 | |a Fishing boat designs : | |
| 245 | 0 | |b 2 V-bottom boats of pleked plywood consruction | |
| 245 | 0 | |c FAO | |
| 260 | |a Rome | ||
| 260 | |b FAO | ||
| 260 | |c 2004 | ||
| 650 | |a Fishing boats,Steel boats | ||
| 650 | |x Design and construction | ||
| 904 | |i Mai Loan, QHieu | ||
| 980 | |a Trung tâm Học liệu Trường Đại học Cần Thơ | ||